Normal view
MARC view
- Morrison, Mike
Entry Personal Name
001 - CONTROL NUMBER
- control field: 101349
003 - CONTROL NUMBER IDENTIFIER
- control field: NUST
005 - DATE AND TIME OF LATEST TRANSACTION
- control field: 20221025132900.0
008 - FIXED-LENGTH DATA ELEMENTS
- fixed length control field: 221025|| aca||aabn | a|a d
040 ## - CATALOGING SOURCE
- Original cataloging agency: NUST
- Transcribing agency: NUST
100 ## - HEADING--PERSONAL NAME
- Personal name: Morrison, Mike
670 ## - SOURCE DATA FOUND
- Source citation: Work cat.: (NUST)175220: Morrison, Mike., The magic of computer graphics /, c1995.
